000 01339nam a2200337 c 4500
003 BLK
005 20250717085244.0
008 180408b bul|||||r ||||||| ||bul||
010 _aKNG00054055000
020 _a954-26-0268-5
_bиздат.: Хермес
040 _aBLK
041 _aBUL
_cBUL
080 _aАмериканска литература (на САЩ)
_b821.111(73)
_x-31
_z821.111(73)-31
100 1 _aДелински, Барбара
_eпърви автор
_959608
700 1 _aГарабедян, Илвана Иванова
_eпрев. от англ.
_9365668
139 _aДелински, Барбара
_bД 37
245 1 0 _aЛятото на дързостта
_bРоман
_cБарбара Делински; прев. от англ. Илвана Иванова Гарабедян.
257 _aUSA
260 Пловдив
_bХермес
_c2005
_fХасково : Полиграфия
300 _a415 с.
_c20 см
380 _aX
490 1 _aМегаселър
500 _aОриг. загл. The Summer I Dared / Barbara Delinsky. - Офс. изд.
653 _aромантична проза
852 _aЦб 223875
856 4 _qpdf
_u
856 4 _qpdf
_u
942 _cKNG
_n0
_0137
944 _aCR
_c30.05.2005
_k30530
_lМинев Младен
944 _aED
_c19.06.2008
_k
999 _c50184
_d50184